Java programming / (Record no. 1384)
[ view plain ]
| 000 -LEADER | |
|---|---|
| fixed length control field | 01086nam a22002657a 4500 |
| 005 - DATE AND TIME OF LATEST TRANSACTION | |
| control field | 20230223022155.0 |
| 008 - FIXED-LENGTH DATA ELEMENTS--GENERAL INFORMATION | |
| fixed length control field | 230223b |||||||| |||| 00| 0 eng d |
| 020 ## - INTERNATIONAL STANDARD BOOK NUMBER | |
| International Standard Book Number | 979-621-427-029-3 |
| 082 ## - DEWEY DECIMAL CLASSIFICATION NUMBER | |
| Classification number | Fil. 005.2762 J41 2018 |
| 245 ## - TITLE STATEMENT | |
| Title | Java programming / |
| Statement of responsibility, etc. | Marmelo V. Abante, Marygin E. Sarmiento, Sarmiento Dan Michael A. Cortez, Dean Myra Santos, Mark Raffy M. Neones, Dean Myra Santos, Mark Raffy M. Neones, Jedric Jgabe B. Santos, Rejan L. Tadeo. |
| 260 ## - PUBLICATION, DISTRIBUTION, ETC. | |
| Place of publication, distribution, etc. | Manila : |
| Name of publisher, distributor, etc. | Unlimited Books Library Services & Publishing, |
| Date of publication, distribution, etc. | c2018. |
| 300 ## - PHYSICAL DESCRIPTION | |
| Extent | vi, 186p. : |
| Other physical details | ill. |
| 541 ## - IMMEDIATE SOURCE OF ACQUISITION NOTE | |
| Accession number | 5956 c.1, 5957 c.2 |
| 650 ## - SUBJECT ADDED ENTRY--TOPICAL TERM | |
| Topical term or geographic name entry element | Java (Computer program language) |
| 650 ## - SUBJECT ADDED ENTRY--TOPICAL TERM | |
| Topical term or geographic name entry element | Computer programming |
| 700 ## - ADDED ENTRY--PERSONAL NAME | |
| Personal name | Abante, Marmelo V., |
| Relator term | author. |
| 700 ## - ADDED ENTRY--PERSONAL NAME | |
| Personal name | Sarmiento, Marygin E., |
| 700 ## - ADDED ENTRY--PERSONAL NAME | |
| Personal name | Sarmiento Dan Michael A. Cortez, |
| 700 ## - ADDED ENTRY--PERSONAL NAME | |
| Personal name | Santos, Dean Myra, |
| Relator term | author. |
| 700 ## - ADDED ENTRY--PERSONAL NAME | |
| Personal name | Neones, Mark Raffy M., |
| Relator term | author. |
| 700 ## - ADDED ENTRY--PERSONAL NAME | |
| Personal name | Santos, Dean Myra, |
| Relator term | author. |
| 700 ## - ADDED ENTRY--PERSONAL NAME | |
| Personal name | Mark Raffy M. Neones, |
| Relator term | author. |
| 700 ## - ADDED ENTRY--PERSONAL NAME | |
| Personal name | Santos, Jedric Jgabe B., |
| Relator term | author. |
| 700 ## - ADDED ENTRY--PERSONAL NAME | |
| Personal name | Tadeo, Rejan L., |
| Relator term | author. |
| Withdrawn status | Lost status | Source of classification or shelving scheme | Damaged status | Not for loan | Home library | Current library | Date acquired | Total Checkouts | Full call number | Barcode | Date last seen | Price effective from | Koha item type |
|---|---|---|---|---|---|---|---|---|---|---|---|---|---|
| Dewey Decimal Classification | ctu-moalboal | ctu-moalboal | 03/19/2019 | Fil. 005.2762 J41 2018 | 5956 | 02/23/2023 | 02/23/2023 | Books-Filipiniana | |||||
| Dewey Decimal Classification | ctu-moalboal | ctu-moalboal | 03/19/2019 | Fil. 005.2762 J41 2018 | 5957 | 02/23/2023 | 02/23/2023 | Books-Filipiniana |